000 00486nam a2200181Ia 4500
001 22527
005 20260414150837.0
008 260414t2007||||xx |||||||||||||| ||spa||
041 _aESP
082 _a621.382
_bD59
100 _aDerikson, Dennis
_eAUT
245 0 _aDigital communications test and measurement :
_bhigh-speed physical layer characterization
260 _c2007
300 _a935 páginas :
_c24 cm.
650 _aTCA
654 _aCET
942 _cLIB
_dJUS
_fJUS
_2ddc
_n
999 _c22527
_d22527